[Event "Gatineau Hull CC 28 Ann-B"]
[Site "Gatineau"]
[Date "2007.09.18"]
[Round "2"]
[White "Levesque, Andre"]
[Black "Pilon, Robert"]
[Result "1-0"]
[WhiteElo "1400"]
[BlackElo "1607"]
[PlyCount "55"]
[EventDate "2007.09.11"]
[EventType "swiss"]
[EventRounds "5"]
[EventCountry "CAN"]
[SourceTitle "EXT 2022"]
[Source "ChessBase"]
[SourceDate "2021.10.06"]
[SourceVersion "1"]
[SourceVersionDate "2021.10.06"]
[SourceQuality "1"]

1. e4 e6 2. d4 d5 3. Nc3 Bb4 4. e5 Bxc3+ 5. bxc3 c5 6. Nf3 c4 7. Be2 Bd7 8. 0-0 Ba4 9. Bf4 Ne7 10. Bg5 h6 11. Bc1 Nbc6 12. h3 Nf5 13. Bd2 0-0 14. Kh2 f6 15. g4 Nfe7 16. exf6 Rxf6 17. g5 Qd6+ 18. Kh1 Rf5 19. gxh6 gxh6 20. Bxh6 Rh5 21. Rg1+ Kh7 22. Ng5+ Rxg5 23. Bxg5 Nf5 24. Bh5 Nce7 25. Bf7 Ng7 26. Bf6 Nef5 27. Qg4 Bxc2 28. Qg6+ 1-0

[Event "Gatineau Mystere"]
[Site "Gatineau"]
[Date "2007.06.26"]
[Round "4"]
[White "Levesque, Andre"]
[Black "Berthiaume, Patrick"]
[Result "1-0"]
[WhiteElo "1414"]
[BlackElo "1041"]
[PlyCount "33"]
[EventDate "2007.05.29"]
[EventType "swiss"]
[EventRounds "4"]
[EventCountry "CAN"]
[SourceTitle "EXT 2022"]
[Source "ChessBase"]
[SourceDate "2021.10.06"]
[SourceVersion "1"]
[SourceVersionDate "2021.10.06"]
[SourceQuality "1"]

1. e4 e5 2. Nc3 Nc6 3. Bc4 Bc5 4. Nf3 Nf6 5. 0-0 Ng4 6. d3 Nxf2 7. Rxf2 Bxf2+ 8. Kxf2 h6 9. a3 0-0 10. Be3 d6 11. Nd5 Na5 12. Ba2 Be6 13. Qd2 Nc6 14. Qe2 Ne7 15. Qd2 Qd7 16. Bxh6 gxh6 17. Nf6+ 1-0

[Event "Gatineau Mystere"]
[Site "Gatineau"]
[Date "2007.06.19"]
[Round "3"]
[White "Rainey, Ivan"]
[Black "Levesque, Andre"]
[Result "1-0"]
[WhiteElo "1229"]
[BlackElo "1414"]
[PlyCount "102"]
[EventDate "2007.05.29"]
[EventType "swiss"]
[EventRounds "4"]
[EventCountry "CAN"]
[SourceTitle "EXT 2022"]
[Source "ChessBase"]
[SourceDate "2021.10.06"]
[SourceVersion "1"]
[SourceVersionDate "2021.10.06"]
[SourceQuality "1"]

1. e4 c5 2. Nf3 Nc6 3. d4 cxd4 4. Nxd4 g6 5. Bc4 Qa5+ 6. Nc3 Qc5 7. Nxc6 Qxc4 8. Ne5 Qc7 9. Nd3 Bg7 10. Bd2 d6 11. 0-0 Nf6 12. Qe2 0-0 13. f4 Bg4 14. Qe3 e6 15. h3 Bh5 16. e5 dxe5 17. fxe5 Nd7 18. g4 Bxg4 19. hxg4 Nxe5 20. Nxe5 Rad8 21. Nf3 Qg3+ 22. Kh1 Qxg4 23. Rf2 Qc4 24. Qe4 Qc5 25. Be3 Qe7 26. Bxa7 f5 27. Qe3 Rf7 28. Bd4 e5 29. Nxe5 Rxd4 30. Qxd4 Bxe5 31. Qe3 Qh4+ 32. Kg1 Bd4 33. Qe2 Re7 34. Qd2 Qg3+ 35. Kf1 Qh3+ 36. Kg1 Re3 37. Ne2 Qg4+ 38. Kf1 Qh3+ 39. Ke1 Qg4 40. c3 Bb6 41. Qd5+ Kg7 42. Qxb7+ Kh6 43. Qxb6 Qg1+ 44. Kd2 Rxe2+ 45. Kxe2 Qxa1 46. Rh2+ Kg5 47. Qe3+ Kg4 48. Rxh7 Qxb2+ 49. Qd2 Qb5+ 50. Ke3 Qe5+ 51. Kf2 Qc7 1-0

[Event "Gatineau Mystere"]
[Site "Gatineau"]
[Date "2007.06.12"]
[Round "2"]
[White "Levesque, Andre"]
[Black "Dallaire, Dominic"]
[Result "0-1"]
[WhiteElo "1414"]
[BlackElo "1850"]
[PlyCount "58"]
[EventDate "2007.05.29"]
[EventType "swiss"]
[EventRounds "4"]
[EventCountry "CAN"]
[SourceTitle "EXT 2022"]
[Source "ChessBase"]
[SourceDate "2021.10.06"]
[SourceVersion "1"]
[SourceVersionDate "2021.10.06"]
[SourceQuality "1"]

1. e4 e6 2. d4 d5 3. e5 c5 4. Nf3 Nc6 5. Nc3 cxd4 6. Nb5 a6 7. Nbxd4 Bd7 8. a3 f6 9. Nxc6 bxc6 10. Bd3 fxe5 11. Nxe5 Nf6 12. Nxd7 Qxd7 13. 0-0 Bd6 14. Re1 0-0 15. b3 e5 16. h3 e4 17. Be2 Bc5 18. Bb2 Qa7 19. Rf1 Nd7 20. Qe1 Rxf2 21. Rxf2 Rf8 22. Kh1 Rxf2 23. Bg4 Rxc2 24. Rb1 Nf8 25. Qg3 Qf7 26. h4 Qf2 27. Qh3 Rxb2 28. Be6+ Kh8 29. Rd1 Nxe6 0-1

[Event "Outaouais-ch B"]
[Site "Gatineau"]
[Date "2007.05.15"]
[Round "4"]
[White "Levesque, Andre"]
[Black "Berthiaume, Patrick"]
[Result "1/2-1/2"]
[WhiteElo "1414"]
[BlackElo "1041"]
[PlyCount "116"]
[EventDate "2007.04.24"]
[EventType "swiss"]
[EventRounds "6"]
[EventCountry "CAN"]
[SourceTitle "EXT 2022"]
[Source "ChessBase"]
[SourceDate "2021.10.06"]
[SourceVersion "1"]
[SourceVersionDate "2021.10.06"]
[SourceQuality "1"]

1. e4 e5 2. Nc3 Nf6 3. Bc4 Bc5 4. Nf3 Nc6 5. a3 0-0 6. Nxe5 Nxe5 7. Bb3 Bb6 8. 0-0 Ba5 9. d4 Nc6 10. e5 Ne8 11. Ne2 d6 12. d5 Nxe5 13. h3 Nf6 14. Ng3 b6 15. c4 Bb7 16. Bc2 c5 17. dxc6 Nxc6 18. b4 Nxb4 19. axb4 Bxb4 20. Ba3 Bxa3 21. Rxa3 Qc7 22. Nf5 Qxc4 23. Nxd6 Qd5 24. Qxd5 Bxd5 25. Nf5 Bc4 26. Re1 Be6 27. Rae3 Bxf5 28. Bxf5 a5 29. Be4 Nxe4 30. Rxe4 a4 31. Rb4 Rfb8 32. Ra1 a3 33. Rb3 a2 34. Rb2 b5 35. Rbxa2 Rxa2 36. Rxa2 b4 37. Kf1 b3 38. Rb2 f6 39. Ke2 Kf7 40. Kd3 Ke6 41. Kc3 Ke5 42. Kd3 Kd5 43. Kc3 Ke4 44. Rxb3 Rxb3+ 45. Kxb3 Kd3 46. Kb4 Ke2 47. f4 g5 48. f5 h5 49. Kc4 g4 50. Kd5 Kf2 51. hxg4 hxg4 52. Ke6 Kxg2 53. Kxf6 g3 54. Ke6 Kf2 55. f6 g2 56. f7 g1Q 57. f8Q+ Kg2 58. Qg7+ Kf1 1/2-1/2